Random Translations Quiz #4 - Statistics

General Stats
  • This quiz has been taken 37,017 times
  • The average score is 15 of 24
Answer Stats
Language Word or Phrase Translation % Correct
French Monsieur Mister
97%
French Oui Yes
96%
German Danke Thank You
93%
Spanish Sombrero Hat
90%
Spanish Luna Moon
90%
Japanese Sayōnara Goodbye
82%
Spanish Nada Nothing
82%
Italian Ti Amo I Love You
75%
German Eins One
74%
French Au Contraire On the Contrary
73%
Spanish La Vida Loca The Crazy Life
67%
Latin Pater Father
62%
Spanish Nuevo Mundo New World
60%
Spanish Salsa Sauce
60%
Italian Fratello Brother
55%
French Avec Moi Ce Soir With Me Tonight
54%
Latin Pax Peace
52%
Italian Buon Compleanno! Happy Birthday!
50%
Spanish Poco a Poco Little by Little
50%
German Verboten Prohibited
49%
Arabic Allahu Akbar God is the Greatest
42%
Japanese Nihon Japan
39%
Latin Bona Fide In Good Faith
31%
Hebrew L'Chaim To Life
25%
No matching quizzes found
Score Distribution
Percent of People with Each Score
Percentile by Number Answered
Your Score History
You have not taken this quiz